La regula catoniana y la imposibilidad de convalidación de las actos jurídicos nulos

Saved in:
書目詳細資料
主要作者: Sáinz-Ezquerra Foces, José María (Author)
格式: 圖書
語言:意大利语
出版: Madrid Universidad de la Laguna 1976
主題:
標簽: 添加標簽
沒有標簽, 成為第一個標記此記錄!

MARC

LEADER 00000nam a2200000 a 4500
001 UCR0976
003 CL-VaPUC
008 971205e19760000SP |||||||||||||||||ita|d
082 0 4 |a 340.54  |b SAI  |2 21 
100 0 |a Sáinz-Ezquerra Foces, José María  |e author  |9 397663 
245 1 3 |a La regula catoniana y la imposibilidad de convalidación de las actos jurídicos nulos 
300 |a 145 p 
942 |c BK 
945 |d 19971205 00:00:00  |a aolguin 
260 |a Madrid  |b Universidad de la Laguna  |c 1976 
650 0 |a Derecho romano  |9 255930 
650 0 |a Actos jurídicos  |9 255748 
650 0 |a Testamento  |9 258220 
650 7 |a DERECHO HEREDITARIO  |2 CL-VaPUC  |9 397664 
650 0 |a Nulidad   |9 256755 
650 7 |a LEGADOS  |2 CL-VaPUC  |9 256326 
650 7 |a FUENTES  |2 CL-VaPUC  |9 255666 
650 0 |a Historia  |9 255047 
583 |a last modification  |c 19971205 00:00:00  |k Rodrigo Vera 
999 |c 264473  |d 264471 
952 |0 0  |1 0  |4 0  |6 340_540000000000000_SAI_1976  |7 0  |8 DER_ROM  |9 294752  |a BIBDER  |b BIBDER  |d 2019-11-19  |i 1909053  |o 340.54 SAI 1976  |p 1909053  |r 2023-01-25  |w 2019-11-19  |x Ubicación 4to piso  |y BK  |z Este recurso debe solicitarse con anticipación  |k DER